[Event "Titled Tuesday intern op 25th Mar Early"]
[Site "Chess.com INT"]
[Date "2025.03.25"]
[Round "10"]
[White "Florescu, Codrut Constantin"]
[Black "Kosteniuk, Alexandra"]
[Result "0-1"]
[WhiteElo "2193"]
[BlackElo "2484"]
[PlyCount "57"]
[EventDate "2025.03.25"]
[EventType "swiss (blitz)"]
[EventRounds "11"]
[EventCountry "USA"]
[SourceTitle "CB14_2025"]
[SourceDate "2024.11.01"]
[SourceVersion "1"]
[SourceVersionDate "2024.11.01"]
[SourceQuality "1"]

1. d4 Nf6 2. Nf3 d5 3. c4 e6 4. Nc3 dxc4 5. e3 a6 6. Bxc4 b5 7. Bb3 Bb7 8. 0-0 Nbd7 9. e4 b4 10. e5 bxc3 11. exf6 gxf6 12. bxc3 Rg8 13. Bf4 Nb6 14. Bg3 Qd7 15. Re1 0-0-0 16. a4 a5 17. Qd3 h5 18. h4 Bd6 19. Nd2 Qc6 20. Ne4 Bxg3 21. fxg3 f5 22. d5 Nxd5 23. Ng5 Ne3 24. Qe2 Nxg2 25. Nxf7 Nxe1 26. Qxe6+ Rd7 27. Qxc6 Bxc6 28. Nd6+ Rxd6 29. Bxg8 0-1

[Event "Titled Tuesday intern op 25th Mar Early"]
[Site "Chess.com INT"]
[Date "2025.03.25"]
[Round "1"]
[White "Florescu, Codrut Constantin"]
[Black "Logozar, Elijah"]
[Result "0-1"]
[WhiteElo "2193"]
[BlackElo "1946"]
[PlyCount "64"]
[EventDate "2025.03.25"]
[EventType "swiss (blitz)"]
[EventRounds "11"]
[EventCountry "USA"]
[SourceTitle "CB14_2025"]
[SourceDate "2024.11.01"]
[SourceVersion "1"]
[SourceVersionDate "2024.11.01"]
[SourceQuality "1"]

1. d4 d5 2. Nf3 Nf6 3. c4 c6 4. Nc3 e6 5. e3 Nbd7 6. b3 Bd6 7. Bd3 0-0 8. 0-0 b6 9. cxd5 exd5 10. Bb2 Bb7 11. Ne2 Re8 12. Ng3 Nf8 13. Rc1 Ng6 14. Rc2 Ne4 15. Qa1 Qf6 16. a3 Re7 17. b4 Bxg3 18. hxg3 Rae8 19. Qd1 h5 20. Qe2 Bc8 21. Rfc1 Bg4 22. Rxc6 Qf5 23. Bb1 h4 24. gxh4 Qh5 25. Rxg6 fxg6 26. a4 Rf8 27. Rc6 Bxf3 28. gxf3 Rxf3 29. Bxe4 Rxe4 30. Kf1 Rxh4 31. Ke1 Rh1+ 32. Kd2 Rh2 0-1

[Event "Titled Tuesday intern op 25th Mar Early"]
[Site "Chess.com INT"]
[Date "2025.03.25"]
[Round "6"]
[White "Florescu, Codrut Constantin"]
[Black "Lyutsinger, Iren"]
[Result "1-0"]
[WhiteElo "2193"]
[BlackElo "2301"]
[PlyCount "67"]
[EventDate "2025.03.25"]
[EventType "swiss (blitz)"]
[EventRounds "11"]
[EventCountry "USA"]
[SourceTitle "CB14_2025"]
[SourceDate "2024.11.01"]
[SourceVersion "1"]
[SourceVersionDate "2024.11.01"]
[SourceQuality "1"]

1. d4 d5 2. Nf3 Nf6 3. c4 c6 4. Nc3 Bf5 5. cxd5 cxd5 6. Qb3 Nc6 7. Qxb7 Bd7 8. Qb3 Rb8 9. Qd1 e6 10. e3 Bb4 11. Bd3 0-0 12. 0-0 Kh8 13. Bd2 Qe7 14. a3 Bd6 15. b4 e5 16. b5 Nd8 17. dxe5 Bxe5 18. Nxe5 Qxe5 19. a4 Ne6 20. Ne2 Ne4 21. Bxe4 dxe4 22. Bc3 Qc7 23. Rc1 Qb7 24. Nd4 Rfd8 25. Qh5 Nxd4 26. Bxd4 Be6 27. Qg5 f6 28. Bxf6 Rd5 29. Qh4 Qf7 30. Bd4 Rf8 31. Qg3 Bd7 32. Rc7 Qe7 33. Rxa7 Rg5 34. Rxd7 1-0

[Event "Titled Tuesday intern op 11th Feb Early"]
[Site "Chess.com INT"]
[Date "2025.02.11"]
[Round "5"]
[White "Matinian, Nikita"]
[Black "Florescu, Codrut Constantin"]
[Result "1-0"]
[WhiteElo "2415"]
[BlackElo "2193"]
[PlyCount "125"]
[EventDate "2025.02.11"]
[EventType "swiss (blitz)"]
[EventRounds "11"]
[EventCountry "USA"]
[SourceTitle "CB08_2025"]
[SourceDate "2025.02.19"]
[SourceVersion "1"]
[SourceVersionDate "2025.02.19"]
[SourceQuality "1"]

1. e4 c5 2. Nf3 e6 3. d4 cxd4 4. Nxd4 Nf6 5. Nc3 d6 6. Be2 Be7 7. g4 a6 8. g5 Nfd7 9. Be3 b5 10. a3 Bb7 11. Rg1 Nb6 12. f4 N8d7 13. f5 e5 14. Nb3 Rc8 15. Qd2 Nc4 16. Bxc4 Rxc4 17. Qd3 Qc7 18. 0-0-0 Rxc3 19. bxc3 d5 20. exd5 Bxa3+ 21. Kb1 Bd6 22. h4 0-0 23. f6 Rc8 24. fxg7 a5 25. h5 a4 26. Nc1 Qxc3 27. Qxc3 Rxc3 28. Rd3 Rxd3 29. Nxd3 Kxg7 30. Nf2 Bc5 31. Bxc5 Nxc5 32. d6 b4 33. Ng4 Nd7 34. Re1 e4 35. Ne3 f6 36. Nf5+ Kf7 37. gxf6 Kxf6 38. Ne3 Ke5 39. Rd1 a3 40. Rg1 Kxd6 41. Rg7 Ba6 42. Rxh7 b3 43. cxb3 Bd3+ 44. Ka1 Nc5 45. Rh6+ Ke5 46. Rb6 Kd4 47. h6 Kxe3 48. h7 Kd2 49. h8Q e3 50. Qh6 Ne4 51. Ka2 Nc3+ 52. Kxa3 Nd5 53. Rd6 Be4 54. Rxd5+ Bxd5 55. Kb2 Kd3 56. Qg6+ Be4 57. Qd6+ Ke2 58. Kc3 Kf3 59. Qf6+ Kg2 60. Qg5+ Kf2 61. Qh4+ Kf3 62. Qe1 e2 63. Kd2 1-0

[Event "Titled Tuesday intern op 28th Jan Early"]
[Site "Chess.com INT"]
[Date "2025.01.28"]
[Round "8"]
[White "Barrionuevo, Pablo"]
[Black "Florescu, Codrut Constantin"]
[Result "1-0"]
[WhiteElo "2228"]
[BlackElo "2193"]
[PlyCount "67"]
[EventDate "2025.01.28"]
[EventType "swiss (blitz)"]
[EventRounds "11"]
[EventCountry "USA"]
[SourceTitle "CB06_2025"]
[SourceDate "2025.02.05"]
[SourceVersion "1"]
[SourceVersionDate "2025.02.05"]
[SourceQuality "1"]

1. d4 Nf6 2. Nf3 e6 3. c4 b6 4. a3 g6 5. Nc3 Bg7 6. e4 d6 7. Bd3 0-0 8. 0-0 c5 9. d5 exd5 10. exd5 Bg4 11. h3 Bxf3 12. Qxf3 Nbd7 13. Qd1 Ne5 14. Be2 Re8 15. f4 Ned7 16. Bd3 Nh5 17. g4 Qh4 18. Qf3 Bd4+ 19. Kg2 Nhf6 20. Bd2 Re7 21. Rae1 Rae8 22. Rxe7 Rxe7 23. b4 cxb4 24. axb4 a5 25. Nb5 axb4 26. Nxd4 b3 27. Nxb3 Nc5 28. Nxc5 bxc5 29. Qg3 Qh6 30. g5 Qg7 31. gxf6 Qxf6 32. Qg5 Qb2 33. Qxe7 Qxd2+ 34. Qe2 1-0

[Event "Titled Tuesday intern op 28th Jan Early"]
[Site "Chess.com INT"]
[Date "2025.01.28"]
[Round "11"]
[White "Florescu, Codrut Constantin"]
[Black "Eggleston, Thomas"]
[Result "1-0"]
[WhiteElo "2193"]
[BlackElo "2178"]
[PlyCount "59"]
[EventDate "2025.01.28"]
[EventType "swiss (blitz)"]
[EventRounds "11"]
[EventCountry "USA"]
[SourceTitle "CB06_2025"]
[SourceDate "2025.02.05"]
[SourceVersion "1"]
[SourceVersionDate "2025.02.05"]
[SourceQuality "1"]

1. d4 e6 2. Nf3 f5 3. Bg5 Be7 4. h4 c5 5. Nc3 cxd4 6. Nxd4 Nf6 7. e3 d5 8. Bb5+ Kf7 9. Qf3 Rf8 10. 0-0-0 a6 11. Ba4 b5 12. Bb3 b4 13. Nce2 a5 14. Nf4 a4 15. Ndxe6 Bxe6 16. Nxe6 Kxe6 17. Bxf6 axb3 18. Bxe7 Kxe7 19. Rxd5 bxa2 20. Re5+ Kd6 21. Qd5+ Kc7 22. Qxa8 Nc6 23. Qxa2 Nxe5 24. Qa7+ Kc6 25. Rd1 Qc7 26. Qa6+ Kc5 27. Qe6 b3 28. Rd5+ Kb4 29. c3+ Ka4 30. Qa6+ 1-0

[Event "Titled Tuesday intern op 28th Jan Early"]
[Site "Chess.com INT"]
[Date "2025.01.28"]
[Round "4"]
[White "Florescu, Codrut Constantin"]
[Black "Todorovic, Bojan"]
[Result "1-0"]
[WhiteElo "2193"]
[BlackElo "2130"]
[PlyCount "87"]
[EventDate "2025.01.28"]
[EventType "swiss (blitz)"]
[EventRounds "11"]
[EventCountry "USA"]
[SourceTitle "CB06_2025"]
[SourceDate "2025.02.05"]
[SourceVersion "1"]
[SourceVersionDate "2025.02.05"]
[SourceQuality "1"]

1. d4 Nf6 2. Nf3 g6 3. c4 Bg7 4. Nc3 0-0 5. e4 d6 6. Be2 c5 7. d5 e6 8. 0-0 exd5 9. cxd5 a6 10. a4 Bg4 11. Nd2 Bxe2 12. Qxe2 Nbd7 13. Nc4 Nb6 14. Ne3 Re8 15. a5 Nbd7 16. Nc4 Ne5 17. Nb6 Rb8 18. f3 Nfd7 19. Nxd7 Qxd7 20. Bf4 f5 21. Qc2 fxe4 22. Nxe4 b5 23. axb6 Rxb6 24. Ra2 c4 25. Bg3 Rc8 26. Qa4 Qb5 27. Qxb5 axb5 28. Rfa1 b4 29. Ra8 Rf8 30. Bf2 Rb5 31. R8a5 Rxa5 32. Rxa5 Nd3 33. Nxd6 Nxb2 34. Ne4 c3 35. Rc5 Ra8 36. h4 Nd3 37. Rc7 Ra1+ 38. Kh2 Nxf2 39. Rc8+ Bf8 40. Nxf2 b3 41. d6 b2 42. d7 Rd1 43. Nxd1 b1Q 44. d8Q 1-0

[Event "Titled Tuesday intern op 28th Jan Early"]
[Site "Chess.com INT"]
[Date "2025.01.28"]
[Round "6"]
[White "Florescu, Codrut Constantin"]
[Black "Wafa, Hamed"]
[Result "0-1"]
[WhiteElo "2193"]
[BlackElo "2304"]
[PlyCount "70"]
[EventDate "2025.01.28"]
[EventType "swiss (blitz)"]
[EventRounds "11"]
[EventCountry "USA"]
[SourceTitle "CB06_2025"]
[SourceDate "2025.02.05"]
[SourceVersion "1"]
[SourceVersionDate "2025.02.05"]
[SourceQuality "1"]

1. d4 Nf6 2. Nf3 c5 3. d5 b5 4. a4 b4 5. Nbd2 d6 6. e4 g6 7. Nc4 Bg7 8. Bd3 0-0 9. 0-0 Ba6 10. Bf4 Bxc4 11. Bxc4 Nxe4 12. Re1 Nf6 13. Qd2 Nbd7 14. a5 Nh5 15. Bg5 Re8 16. c3 Rb8 17. Bh6 bxc3 18. bxc3 Nhf6 19. Bxg7 Kxg7 20. h3 Qc7 21. Re2 Ne5 22. Nxe5 dxe5 23. Qg5 Nd7 24. h4 Qd6 25. Re3 Qf6 26. Qg4 Qf5 27. Qg3 Qf4 28. Qh3 Qxc4 29. Qxd7 Rbd8 30. Qxa7 Rxd5 31. a6 Qxh4 32. Qb7 Red8 33. Ree1 e4 34. a7 Rh5 35. Kf1 Rd2 0-1

[Event "Titled Tuesday intern op 24th Sep Late"]
[Site "Chess.com INT"]
[Date "2024.09.24"]
[Round "1"]
[White "Aung, Thant Zin"]
[Black "Florescu, Codrut Constantin"]
[Result "1/2-1/2"]
[WhiteElo "2268"]
[BlackElo "2193"]
[PlyCount "88"]
[EventDate "2024.09.24"]
[EventType "swiss (blitz)"]
[EventRounds "11"]
[EventCountry "USA"]
[SourceTitle "EXT 2025"]
[Source "ChessBase"]
[SourceDate "2024.10.14"]
[SourceVersion "1"]
[SourceVersionDate "2024.10.14"]
[SourceQuality "1"]

1. e4 c5 2. Nf3 e6 3. d4 cxd4 4. Nxd4 Nf6 5. Nc3 d6 6. Be2 a6 7. Be3 Qc7 8. 0-0 Nc6 9. a4 Be7 10. Nb3 b6 11. f4 Bb7 12. Bf3 0-0 13. Qe1 Na5 14. Nxa5 bxa5 15. Qf2 Nd7 16. Rfd1 Bc6 17. Qd2 Rab8 18. b3 Rb4 19. e5 Bxf3 20. exd6 Bxd6 21. Qxd6 Qxc3 22. Bd2 Qxc2 23. gxf3 Rb7 24. Bxa5 Nf6 25. Bb4 Re8 26. Rac1 Qg6+ 27. Kh1 Rd7 28. Qe5 Rxd1+ 29. Rxd1 Qc2 30. Rg1 Qxb3 31. Bc3 Rc8 32. Rxg7+ Kxg7 33. Qxf6+ Kf8 34. Qh8+ Ke7 35. Qxc8 Qd1+ 36. Kg2 Qe2+ 37. Kg3 Qd3 38. Qc7+ Ke8 39. Bf6 Qg6+ 40. Bg5 f6 41. Qc8+ Ke7 42. Qc7+ Ke8 43. Qc8+ Ke7 44. Qc7+ Ke8 1/2-1/2

[Event "Titled Tuesday intern op 24th Sep Early"]
[Site "Chess.com INT"]
[Date "2024.09.24"]
[Round "10"]
[White "Florescu, Codrut Constantin"]
[Black "Deveci, Huseyin Said"]
[Result "0-1"]
[WhiteElo "2193"]
[BlackElo "2211"]
[PlyCount "74"]
[EventDate "2024.09.24"]
[EventType "swiss (blitz)"]
[EventRounds "11"]
[EventCountry "USA"]
[SourceTitle "EXT 2025"]
[Source "ChessBase"]
[SourceDate "2024.10.14"]
[SourceVersion "1"]
[SourceVersionDate "2024.10.14"]
[SourceQuality "1"]

1. d4 d5 2. Nf3 Nf6 3. c4 c6 4. Qc2 dxc4 5. Qxc4 Bf5 6. Nc3 Nbd7 7. g3 Ne4 8. Bg2 Nxc3 9. bxc3 e5 10. 0-0 exd4 11. cxd4 Be7 12. a4 0-0 13. Bb2 Nb6 14. Qb3 Be6 15. Qc2 Nc4 16. Bc3 Qd7 17. e4 Rad8 18. Rfd1 Bg4 19. d5 cxd5 20. Rxd5 Qc8 21. Rb5 Na3 22. Rxa3 Bxa3 23. Qb3 Bc5 24. h4 b6 25. Qb2 f6 26. e5 fxe5 27. Ng5 Rxf2 28. Qb3+ Kh8 29. Kh2 Rdf8 30. Bxe5 Rxg2+ 31. Kxg2 Qc6+ 32. Nf3 Bxf3+ 33. Qxf3 Qxf3+ 34. Kh3 Qh1+ 35. Kg4 Qf3+ 36. Kh3 h5 37. a5 Qh1# 0-1

[Event "Titled Tuesday intern op 24th Sep Late"]
[Site "Chess.com INT"]
[Date "2024.09.24"]
[Round "9"]
[White "Florescu, Codrut Constantin"]
[Black "Goltseva, Ekaterina"]
[Result "0-1"]
[WhiteElo "2193"]
[BlackElo "2378"]
[PlyCount "94"]
[EventDate "2024.09.24"]
[EventType "swiss (blitz)"]
[EventRounds "11"]
[EventCountry "USA"]
[SourceTitle "EXT 2025"]
[Source "ChessBase"]
[SourceDate "2024.10.14"]
[SourceVersion "1"]
[SourceVersionDate "2024.10.14"]
[SourceQuality "1"]

1. d4 d5 2. Nf3 Nf6 3. c4 e6 4. Nc3 dxc4 5. e3 a6 6. Bxc4 b5 7. Bd3 Bb7 8. 0-0 Nbd7 9. e4 b4 10. e5 bxc3 11. exf6 cxb2 12. fxg7 Bxg7 13. Bxb2 Nb6 14. Re1 Nd5 15. Ne5 Nf4 16. Bf1 Bxe5 17. Rxe5 Nh3+ 18. gxh3 Rg8+ 19. Qg4 Rxg4+ 20. hxg4 Bd5 21. Rae1 c6 22. Rh5 Qf6 23. Bg2 Bxg2 24. Kxg2 Rb8 25. Bc3 Qg6 26. h3 Rb5 27. Rhe5 Rxe5 28. Rxe5 Qd3 29. Re3 Qc2 30. a3 Qb3 31. Bb4 Qd5+ 32. Kg3 Qxd4 33. Rc3 a5 34. Rxc6 axb4 35. axb4 Qxb4 36. Rc8+ Ke7 37. Rg8 Qd6+ 38. Kg2 Qd5+ 39. Kg3 Qe4 40. f3 Qe1+ 41. Kg2 Kf6 42. Ra8 e5 43. Ra6+ Kg5 44. Ra7 Qd2+ 45. Kg3 Qf4+ 46. Kg2 Qc4 47. Re7 Kf4 0-1

[Event "Titled Tuesday intern op 24th Sep Late"]
[Site "Chess.com INT"]
[Date "2024.09.24"]
[Round "8"]
[White "Florescu, Codrut Constantin"]
[Black "Rosen, Eric S"]
[Result "1/2-1/2"]
[WhiteElo "2193"]
[BlackElo "2377"]
[PlyCount "137"]
[EventDate "2024.09.24"]
[EventType "swiss (blitz)"]
[EventRounds "11"]
[EventCountry "USA"]
[SourceTitle "EXT 2025"]
[Source "ChessBase"]
[SourceDate "2024.10.14"]
[SourceVersion "1"]
[SourceVersionDate "2024.10.14"]
[SourceQuality "1"]

1. d4 d5 2. Nf3 Nf6 3. c4 e6 4. Nc3 Nbd7 5. e3 a6 6. a3 b6 7. cxd5 exd5 8. Bd3 Bd6 9. b3 Bb7 10. Bb2 Qe7 11. 0-0 0-0 12. Ne2 Rfe8 13. Nf4 Ne4 14. Be2 Rac8 15. Nd3 f6 16. b4 Nf8 17. Nh4 g6 18. g3 Nd7 19. Bg4 f5 20. Be2 Ng5 21. Ng2 Nh3+ 22. Kh1 Nf6 23. Ngf4 Ng5 24. Ne5 c5 25. bxc5 bxc5 26. Qb3 c4 27. Qc2 Nf7 28. Nxf7 Qxf7 29. Bc3 Ne4 30. Bf3 Bc6 31. Bg2 g5 32. Ne2 Re6 33. Kg1 Rce8 34. Bb4 Bc7 35. Nc3 Qh5 36. Nxe4 fxe4 37. h3 Bd7 38. Qd1 Qg6 39. Kh2 Rf6 40. Qe2 h5 41. Rh1 h4 42. Be1 Ref8 43. Ra2 R6f7 44. Rb2 a5 45. Rb7 Qc6 46. Rb1 hxg3+ 47. fxg3 Qh6 48. Kg1 Bc6 49. h4 g4 50. Qxg4+ Rg7 51. Qh3 Bd7 52. Qh2 Bg4 53. Bd2 Qh5 54. Rf1 Rgf7 55. Rf4 Bd6 56. Bh3 Bxf4 57. gxf4 Bf3 58. Kf2 Bxh1 59. Qxh1 Qxh4+ 60. Ke2 Rg7 61. Be6+ Rff7 62. Qxh4 c3 63. Bxc3 a4 64. Bb4 Rg2+ 65. Kf1 Rg6 66. Bxf7+ Kxf7 67. Qh5 Kg7 68. Qxg6+ Kh8 69. Kf2 1/2-1/2

[Event "Titled Tuesday intern op 24th Sep Early"]
[Site "Chess.com INT"]
[Date "2024.09.24"]
[Round "4"]
[White "Florescu, Codrut Constantin"]
[Black "Yunker, Alisa Genrietta"]
[Result "0-1"]
[WhiteElo "2193"]
[BlackElo "1872"]
[PlyCount "96"]
[EventDate "2024.09.24"]
[EventType "swiss (blitz)"]
[EventRounds "11"]
[EventCountry "USA"]
[SourceTitle "EXT 2025"]
[Source "ChessBase"]
[SourceDate "2024.10.14"]
[SourceVersion "1"]
[SourceVersionDate "2024.10.14"]
[SourceQuality "1"]

1. Nf3 c6 2. e4 d5 3. Nc3 dxe4 4. Nxe4 Nf6 5. Nxf6+ exf6 6. d4 Bd6 7. Bd3 0-0 8. 0-0 Bg4 9. h3 Bh5 10. c3 Nd7 11. Re1 Qc7 12. Be3 Rae8 13. Be2 Bf4 14. Bxf4 Qxf4 15. Nh2 Bxe2 16. Rxe2 Nb6 17. Qd3 Nd5 18. Rae1 Rxe2 19. Qxe2 g6 20. Ng4 h5 21. Nh2 Kg7 22. Nf3 Qd6 23. c4 Nc7 24. Qe7 Qf4 25. Re4 Qc1+ 26. Kh2 Re8 27. Re1 Qf4+ 28. Kg1 Rxe7 29. Rxe7 Ne6 30. Rxb7 Nxd4 31. Nxd4 Qxd4 32. b3 Qa1+ 33. Kh2 Qxa2 34. Kg3 g5 35. Kf3 f5 36. Ke3 f4+ 37. Kf3 Kg6 38. h4 g4+ 39. Kxf4 Qxf2+ 40. Ke5 Qxh4 41. Kd6 Qg3+ 42. Kxc6 Qxg2+ 43. Kc7 Qg3+ 44. Kc6 Qf3+ 45. Kc7 Qf4+ 46. Kc8 Qf5+ 47. Kb8 g3 48. Kxa7 g2 0-1

[Event "Titled Tuesday intern op 24th Sep Late"]
[Site "Chess.com INT"]
[Date "2024.09.24"]
[Round "11"]
[White "Reprintsev, Alexander"]
[Black "Florescu, Codrut Constantin"]
[Result "1-0"]
[WhiteElo "2230"]
[BlackElo "2193"]
[PlyCount "83"]
[EventDate "2024.09.24"]
[EventType "swiss (blitz)"]
[EventRounds "11"]
[EventCountry "USA"]
[SourceTitle "EXT 2025"]
[Source "ChessBase"]
[SourceDate "2024.10.14"]
[SourceVersion "1"]
[SourceVersionDate "2024.10.14"]
[SourceQuality "1"]

1. e4 c5 2. b3 a6 3. d4 cxd4 4. Qxd4 Nc6 5. Qd2 e5 6. Bb2 Bb4 7. Nc3 Nf6 8. f3 d5 9. exd5 Nd4 10. a3 Ba5 11. b4 Bb6 12. Nge2 0-0 13. Na4 Ba7 14. Nxd4 exd4 15. Bxd4 Re8+ 16. Be2 Bxd4 17. Qxd4 Nxd5 18. 0-0-0 Rxe2 19. Qxd5 Qxd5 20. Rxd5 Be6 21. Rd2 Re3 22. Kb2 h5 23. Nc5 b6 24. Nxe6 Rxe6 25. Rhd1 Kh7 26. Rd5 Kg6 27. R1d2 Rae8 28. Rd6 f6 29. Rxe6 Rxe6 30. c4 h4 31. c5 bxc5 32. bxc5 Rc6 33. Rd5 Re6 34. Kc3 Re1 35. Rd2 Kf5 36. Kc4 Rc1+ 37. Kd5 Kf4 38. c6 h3 39. Rd4+ Kf5 40. g4+ Kg5 41. Rc4 Rd1+ 42. Ke6 1-0

[Event "Titled Tuesday intern op 24th Sep Late"]
[Site "Chess.com INT"]
[Date "2024.09.24"]
[Round "3"]
[White "Szpar, Milosz"]
[Black "Florescu, Codrut Constantin"]
[Result "1-0"]
[WhiteElo "2477"]
[BlackElo "2193"]
[PlyCount "57"]
[EventDate "2024.09.24"]
[EventType "swiss (blitz)"]
[EventRounds "11"]
[EventCountry "USA"]
[SourceTitle "EXT 2025"]
[Source "ChessBase"]
[SourceDate "2024.10.14"]
[SourceVersion "1"]
[SourceVersionDate "2024.10.14"]
[SourceQuality "1"]

1. e4 c5 2. Nf3 e6 3. d4 cxd4 4. Nxd4 Nf6 5. Nc3 d6 6. g4 a6 7. g5 Nfd7 8. h4 b5 9. Be3 Bb7 10. f3 Nb6 11. h5 N8d7 12. a3 Rc8 13. f4 Rxc3 14. bxc3 Bxe4 15. Rg1 d5 16. Bd3 Nc5 17. f5 Bxd3 18. cxd3 e5 19. Nf3 Qc7 20. Qe2 Be7 21. Kf1 f6 22. h6 0-0 23. hxg7 Rf7 24. g6 hxg6 25. Rxg6 e4 26. Nd4 exd3 27. Qh5 Rxg7 28. Rxg7+ Kxg7 29. Bh6+ 1-0

[Event "Titled Tuesday intern op 24th Sep Early"]
[Site "Chess.com INT"]
[Date "2024.09.24"]
[Round "3"]
[White "Tulendinov, Dinmukhammed"]
[Black "Florescu, Codrut Constantin"]
[Result "1-0"]
[WhiteElo "2303"]
[BlackElo "2193"]
[PlyCount "143"]
[EventDate "2024.09.24"]
[EventType "swiss (blitz)"]
[EventRounds "11"]
[EventCountry "USA"]
[SourceTitle "EXT 2025"]
[Source "ChessBase"]
[SourceDate "2024.10.14"]
[SourceVersion "1"]
[SourceVersionDate "2024.10.14"]
[SourceQuality "1"]

1. e4 c5 2. Nf3 e6 3. d4 cxd4 4. Nxd4 Nf6 5. Nc3 d6 6. Be3 a6 7. Bd3 b5 8. 0-0 Bb7 9. a3 Nbd7 10. f4 Rc8 11. f5 e5 12. Nf3 Ng4 13. Bd2 Qb6+ 14. Kh1 Nf2+ 15. Rxf2 Qxf2 16. Be1 Qb6 17. Qe2 Nf6 18. Bh4 Be7 19. Rd1 0-0 20. Qd2 h6 21. Bf1 Rxc3 22. Bxf6 Rc7 23. Bxe7 Rxe7 24. Qxd6 Qxd6 25. Rxd6 Bxe4 26. Bd3 Bxd3 27. cxd3 Rc8 28. h3 Rc2 29. b4 Rc3 30. Rd5 f6 31. Nh4 Rc8 32. Rd6 Ra7 33. d4 exd4 34. Rxd4 a5 35. Rd5 Rb8 36. Ng6 axb4 37. axb4 Ra1+ 38. Kh2 Rc1 39. Rd7 Rc4 40. Ne7+ Kh7 41. Nd5 Kh8 42. g4 Rd4 43. Kg3 Rc8 44. Kh4 Rc3 45. Rd8+ Kh7 46. Rd7 Rcd3 47. Nxf6+ Kh8 48. Rf7 gxf6 49. Rxf6 Rxb4 50. Rxh6+ Kg7 51. Rg6+ Kf7 52. Rb6 Rbb3 53. Kg5 Rxh3 54. Rb7+ Ke8 55. Kg6 Rbd3 56. f6 Rd6 57. g5 Rhd3 58. Rxb5 Kd7 59. Kg7 Ke6 60. g6 Rd7+ 61. f7 Rf3 62. Kg8 Rf1 63. Rb6+ Kd5 64. Rb8 Rf6 65. f8Q Rxg6+ 66. Kh8 Re6 67. Qf5+ Kd6 68. Rb6+ Kc7 69. Rxe6 Rd8+ 70. Kg7 Rd7+ 71. Kg6 Rd5 72. Qxd5 1-0

[Event "Titled Tuesday intern op 17th Sep Early"]
[Site "Chess,com INT"]
[Date "2024.09.17"]
[Round "8"]
[White "Florescu, Codrut Constantin"]
[Black "Ibarra Jerez, Jose Carlos"]
[Result "0-1"]
[WhiteElo "2193"]
[BlackElo "2559"]
[PlyCount "86"]
[EventDate "2024.09.17"]
[EventType "swiss (blitz)"]
[EventRounds "11"]
[EventCountry "USA"]
[SourceTitle "EXT 2025"]
[Source "ChessBase"]
[SourceDate "2024.10.14"]
[SourceVersion "1"]
[SourceVersionDate "2024.10.14"]
[SourceQuality "1"]

1. d4 a6 2. e4 b5 3. a4 b4 4. c4 Bb7 5. Bd3 e6 6. Nf3 Ne7 7. b3 Ng6 8. h4 h6 9. h5 Ne7 10. Bb2 d6 11. Nbd2 Nd7 12. Qe2 c5 13. 0-0-0 cxd4 14. Nxd4 Nc5 15. Bc2 Qc7 16. f4 0-0-0 17. g3 Ng8 18. Rhe1 Nf6 19. Kb1 Be7 20. g4 Nfd7 21. N4f3 Bf6 22. Nf1 Bxb2 23. Kxb2 Nf6 24. N3d2 Kb8 25. Ng3 e5 26. fxe5 dxe5 27. Ndf1 Ne6 28. Rd5 Nf4 29. Qd2 a5 30. Ne3 Bc8 31. Rd1 N4xd5 32. exd5 Nxg4 33. d6 Qb6 34. Nd5 Qxd6 35. Ne4 Qc6 36. Rg1 f5 37. Ng3 e4 38. Ne2 Qc5 39. Qf4+ Ka7 40. Rd1 Bb7 41. Qxf5 Rxd5 42. cxd5 Qxc2+ 43. Kxc2 Ne3+ 0-1

[Event "Titled Tuesday intern op 17th Sep Early"]
[Site "Chess,com INT"]
[Date "2024.09.17"]
[Round "9"]
[White "Kopczynski, Michal"]
[Black "Florescu, Codrut Constantin"]
[Result "1-0"]
[WhiteElo "2225"]
[BlackElo "2193"]
[PlyCount "53"]
[EventDate "2024.09.17"]
[EventType "swiss (blitz)"]
[EventRounds "11"]
[EventCountry "USA"]
[SourceTitle "EXT 2025"]
[Source "ChessBase"]
[SourceDate "2024.10.14"]
[SourceVersion "1"]
[SourceVersionDate "2024.10.14"]
[SourceQuality "1"]

1. e4 c5 2. d4 cxd4 3. c3 Nf6 4. Bd3 Nc6 5. f4 d5 6. e5 Nd7 7. e6 Nf6 8. exf7+ Kxf7 9. Nf3 Bg4 10. 0-0 Qb6 11. Kh1 e6 12. Ng5+ Ke8 13. Qe1 Nd8 14. cxd4 Bb4 15. Nc3 Kd7 16. a3 Bxc3 17. bxc3 Rc8 18. Rb1 Qd6 19. f5 exf5 20. h3 Re8 21. Qh4 h6 22. Nf3 Nc6 23. hxg4 fxg4 24. Bf5+ Kc7 25. Ne5 Rcd8 26. Nf7 Qe7 27. Bf4+ 1-0

[Event "Titled Tuesday intern op 17th Sep Early"]
[Site "Chess,com INT"]
[Date "2024.09.17"]
[Round "6"]
[White "Mazzilli, Piero"]
[Black "Florescu, Codrut Constantin"]
[Result "0-1"]
[WhiteElo "2303"]
[BlackElo "2193"]
[PlyCount "56"]
[EventDate "2024.09.17"]
[EventType "swiss (blitz)"]
[EventRounds "11"]
[EventCountry "USA"]
[SourceTitle "EXT 2025"]
[Source "ChessBase"]
[SourceDate "2024.10.14"]
[SourceVersion "1"]
[SourceVersionDate "2024.10.14"]
[SourceQuality "1"]

1. d4 Nf6 2. c4 e6 3. Nc3 Bb4 4. Qc2 d6 5. a3 Bxc3+ 6. Qxc3 0-0 7. e3 Re8 8. b4 a5 9. Bb2 e5 10. dxe5 axb4 11. axb4 Rxa1+ 12. Bxa1 dxe5 13. Nf3 Nc6 14. Be2 Bg4 15. h3 Bxf3 16. gxf3 Qd6 17. b5 Nb8 18. Rg1 Nbd7 19. Bd3 Qe6 20. Rg3 b6 21. h4 h6 22. Kf1 Nh5 23. Rg4 Ndf6 24. Rg1 Qh3+ 25. Ke2 Qxh4 26. Bf5 Qh2 27. Qc1 Ra8 28. Rh1 Ng3+ 0-1